| 000 | 00992cam a22003134a 4500 | ||
|---|---|---|---|
| 001 | 13490079 | ||
| 005 | 20180220094755.0 | ||
| 008 | 040213s2005 nyua b 001 0 eng | ||
| 010 | _a 2004044931 | ||
| 020 | _a0071391401 (set) | ||
| 020 | _a007139141X (v. 1) | ||
| 020 | _a0071391428 (v. 2) | ||
| 020 | _a0071402357 (combo) | ||
| 035 | _a(DNLM)101206884 | ||
| 040 |
_aDNLM/DLC _cDLC _dDLC |
||
| 041 | _aeng | ||
| 042 | _apcc | ||
| 060 | 1 | 0 |
_aWB 115 _bH322 2005 |
| 080 | _a616 KAS | ||
| 082 | 0 | 0 |
_a616 KAS _222 |
| 100 | _a3 | ||
| 101 | _aSHM | ||
| 245 | 0 | 0 | _aHarrison's principles of internal medicine. |
| 246 | 3 | 0 | _aPrinciples of internal medicine |
| 504 | _aIncludes bibliographical references and indexes. | ||
| 906 |
_a7 _bcbc _corignew _d1 _eocip _f20 _gy-gencatlg |
||
| 942 |
_2ddc _cBK |
||
| 999 |
_c42967 _d42967 |
||